000 01373nam1a2200289 i 4500
001 RU\NLR\BIBL_A\011627633
005 20240921203129.0
010 _a9785209082958
035 _a(RuMoRGB)009496899
035 _a(NLR Aleph) 011627633
090 _a11016288
_c11016288
100 _a20180201g20179999k y0rusy50 ba
101 0 _aeng
102 _aRU
105 _a||||j |||||
200 1 _aAnimal breeding and the basic of animal industries
_e[a manual for students of the specialty "Veterinary"
_eв двух частях]
_fThe Ministry of education and science of the Russian Federation, Peoples' friendship university of Russia (RUDN university)
_g[А. А. Никишов и др.]
210 _aMoscow
_cPeoples' friendship university of Russia
_d2017
215 _d20
300 _aВ вып. дан.: Разведение животных с основами частной зоотехнии
517 1 _aРазведение животных с основами частной зоотехнии
606 1 _aЖивотноводство
_jУчебно-методические пособия для высших учебных заведений
_91041356
_3RU\NLR\AUTH\6683124
686 1 _aП5я73
702 1 _aNikišov
_bA. A.
_gAleksandr Alekseevič
_4220
852 _aNLR
_jИк 2018-4/9
942 _cBOOK